| 000 -LEADER | |
|---|---|
| fixed length control field | 00379nam a22001697a 4500 |
| 005 - DATE AND TIME OF LATEST TRANSACTION | |
| control field | 20250218094520.0 |
| 008 - FIXED-LENGTH DATA ELEMENTS--GENERAL INFORMATION | |
| fixed length control field | 160905b xxu||||| |||| 00| 0 eng d |
| 020 ## - INTERNATIONAL STANDARD BOOK NUMBER | |
| ISBN | 81-7164-012-5 |
| 041 ## - LANGUAGE CODE | |
| Language code of text/sound track or separate title | eng |
| 082 ## - DEWEY DECIMAL CLASSIFICATION NUMBER | |
| Classification number | 631.417 |
| 100 ## - MAIN ENTRY--AUTHOR NAME | |
| Personal name | MEHRA, R.K. |
| 245 ## - TITLE STATEMENT | |
| Title | TEXT BOOK OF SOIL SCIENCE |
| 260 ## - PUBLICATION, DISTRIBUTION, ETC. (IMPRINT) | |
| Name of publisher | ICAR |
| Year of publication | 2016 |
| 300 ## - PHYSICAL DESCRIPTION | |
| Number of Pages | 484 |
| 650 ## - SUBJECT ADDED ENTRY--TOPICAL TERM | |
| Topical Term | Agriculture |
| 942 ## - ADDED ENTRY ELEMENTS (KOHA) | |
| Koha item type | Books |
| Lost status | Damaged status | Collection code | Home library | Current library | Shelving location | Date acquired | Source of acquisition | Cost, normal purchase price | Full call number | Accession Number | Koha item type | Copy number |
|---|---|---|---|---|---|---|---|---|---|---|---|---|
| Reference | JRU Library | JRU Library | SHELF-2-D | 05/09/2016 | PURCHASE | 500.00 | 631.417 | 21071 | Books | |||
| AGRICULTURE | JRU Library | JRU Library | SHELF-45-D | 05/09/2016 | PURCHASE | 500.00 | 631.417 | 21072 | Books | 5 | ||
| AGRICULTURE | JRU Library | JRU Library | SHELF-45-D | 05/09/2016 | PURCHASE | 500.00 | 631.417 | 21073 | Books | 5 | ||
| AGRICULTURE | JRU Library | JRU Library | SHELF-45-D | 05/09/2016 | PURCHASE | 500.00 | 631.417 | 21074 | Books | 5 | ||
| AGRICULTURE | JRU Library | JRU Library | SHELF-45-D | 05/09/2016 | PURCHASE | 500.00 | 631.417 | 21075 | Books | 5 |